Política, ficción, subjetivación: figuras de lo humano

Spremljeno u:
Bibliografski detalji
Glavni autori: Bilbao Zepeda, Manuel Alejandro (Autor), Vermeren, Patrice (Autor)
Format: Knjiga
Jezik:španjolski
Izdano: Valparaíso Universitarias de Valparaíso 2008
Serija:Colección Hojas fuera de ruta
Teme:
Oznake: Dodaj oznaku
Bez oznaka, Budi prvi tko označuje ovaj zapis!

MARC

LEADER 00000cam a2200000 a 4500
001 UCI9700
003 CL-VaPUC
008 081128e20080000CL |||||||||||||||||spa|d
020 |a 9789561704305 
082 0 4 |a 128  |b BIL  |2 21 
100 0 |a Bilbao Zepeda, Manuel Alejandro  |e author  |9 533591 
700 0 |a Vermeren, Patrice  |e author  |9 533592 
245 1 0 |a Política, ficción, subjetivación: figuras de lo humano 
300 |a 159 p 
942 |c BK 
945 |d 20081128 00:00:00  |a jtorresc 
260 |a Valparaíso  |b Universitarias de Valparaíso  |c 2008 
650 0 |a Antropología filosófica  |9 265842 
650 0 |a Naturaleza humana   |9 308593 
583 |a last modification  |c 20150331 01:08:37  |k Rodrigo Vera 
490 0 |a Colección Hojas fuera de ruta 
999 |c 332183  |d 332181 
952 |0 0  |1 0  |4 0  |6 128_000000000000000_BIL_2008  |7 0  |8 A  |9 419616  |a BIBEDU  |b BIBEDU  |d 2019-11-22  |i 450075K  |o 128 BIL 2008  |p 450075K  |r 2019-11-22  |w 2019-11-22  |y BK  |k PSI 
952 |0 0  |1 0  |4 0  |6 128_000000000000000_BIL_2008  |7 0  |8 A  |9 419617  |a BIBEDU  |b BIBEDU  |d 2019-11-22  |i 4500768  |o 128 BIL 2008  |p 4500768  |r 2019-11-22  |w 2019-11-22  |y BK  |k PSI 
952 |0 0  |1 0  |4 0  |6 128_000000000000000_BIL_2008  |7 0  |8 A  |9 419618  |a BIBHIS  |b BIBHIS  |d 2019-11-22  |i 4613279  |o 128 BIL 2008  |p 4613279  |r 2025-01-20  |w 2019-11-22  |y BK  |k HIS 
952 |0 0  |1 0  |3 erb  |4 0  |6 128_000000000000000_BIL_2008  |7 0  |8 A  |9 419619  |a BIBHIS  |b BIBHIS  |i 514454K  |o 128 BIL 2008  |p 514454K  |r 2025-01-20  |w 2019-11-22  |y BK  |z Catalogado en:20150402  |k HIS 
952 |0 0  |1 0  |3 erb  |4 0  |6 128_000000000000000_BIL_2008  |7 0  |8 A  |9 419620  |a BIBHIS  |b BIBHIS  |i 5161908  |o 128 BIL 2008  |p 5161908  |r 2025-01-20  |w 2019-11-22  |y BK  |z Catalogado en:20150605  |k HIS 
952 |0 0  |1 0  |3 erb  |4 0  |6 128_000000000000000_BIL_2008  |7 0  |8 X  |9 419621  |a FDOBUD  |b FDOBUD  |i 5302978  |o 128 BIL 2008  |p 5302978  |r 2019-11-22  |w 2019-11-22  |y BK_X  |z Catalogado en:20160428  |k FHP